| 000 | 00781nam a2200229Ii 4500 | ||
|---|---|---|---|
| 003 | JO-AjNU | ||
| 008 | 230605s9999||||xx |||||||||||||| ||und|| | ||
| 017 | _a11330 | ||
| 020 | _a978-977-308-591-9 | ||
| 040 |
_aJO-AjNU _bara _erda _cJO-AjNU |
||
| 041 | _aara | ||
| 050 | 1 | 4 | _aRJ506.2019 |
| 100 | 3 |
_aالسيد، هشام مصطفى احمد، م مشارك ابراهيم جابر السيد احمد , _eauthor _961920 |
|
| 245 | 0 | 0 | _aمرض التوحد بين الحقيقة والغموض |
| 250 | _aط1 | ||
| 264 | 3 | 1 | _aدسوق: دار العلم والايمان للنشر والتوزيع، 2019 |
| 300 | _a164ص | ||
| 336 |
_atext _btxt _2rdacontent |
||
| 337 |
_aunmediated _bn _2rdamedia |
||
| 338 |
_avolume _bnc _2rdacarrier |
||
| 650 | 4 |
_aالتوحد _961921 |
|
| 999 |
_aA28013 _c31581 _d31581 |
||